Theory of Structures (SI Unit) (Record no. 6521)

MARC details
000 -LEADER
fixed length control field 00293nam a2200121Ia 4500
008 - FIXED-LENGTH DATA ELEMENTS--GENERAL INFORMATION
fixed length control field 191201s2016 xx 000 0 und d
100 ## - MAIN ENTRY--PERSONAL NAME
Personal name KHURMI, R.S.
245 #0 - TITLE STATEMENT
Title Theory of Structures (SI Unit)
260 ## - PUBLICATION, DISTRIBUTION, ETC. (IMPRINT)
Place of publication, distribution, etc N. Delhi
Name of publisher, distributor, etc S Chand
Date of publication, distribution, etc 2016
300 ## - PHYSICAL DESCRIPTION
Extent 710
650 ## - SUBJECT ADDED ENTRY--TOPICAL TERM
Topical term or geographic name as entry element B.Tech(CE)
942 ## - ADDED ENTRY ELEMENTS (KOHA)
Source of classification or shelving scheme Dewey Decimal Classification
Koha item type Text Books
Holdings
Withdrawn status Lost status Source of classification or shelving scheme Damaged status Not for loan Collection code Home library Current library Date acquired Source of acquisition Cost, normal purchase price Bill Number Total Checkouts Full call number Acc. no. / Barcode Date last seen Actual Cost, discounted price Bill Date Koha item type
    Dewey Decimal Classification     B.Tech(CE) PIET C-LIBRARY PIET C-LIBRARY 22/03/2016 Charotar Publication 595.00 IN3922   624.171 KHT 28265 04/12/2019 434.35 21/03/2016 Text Books

Design & Developed by: PIET Central Library
R70 Miles Stone Pattikalyana Samalkha Panipat 132102
mail ID :- [email protected], Phone No:- 0180-2569700 Ex.216